Owen snap lyrics - Statistics

General Stats
  • This quiz has been taken 13 times
  • The average score is 26 of 159
Answer Stats
Answer % Correct
a
100%
the
100%
against
50%
around
50%
don't
50%
down
50%
feeling
50%
go
50%
i
50%
know
50%
lets
50%
little
50%
me
50%
pin
50%
please
50%
round
50%
say
50%
screenshot
50%
so
50%
some
50%
start
50%
started
50%
sun
50%
til
50%
to
50%
you
50%
16
0%
2
0%
after
0%
all
0%
and
0%
bed
0%
but
0%
carry
0%
daddy
0%
dance
0%
door
0%
driving
0%
ear
0%
for
0%
from
0%
get
0%
good
0%
got
0%
hand
0%
happened
0%
home
0%
in
0%
involved
0%
it
0%
kiss
0%
lap
0%
like
0%
making
0%
more
0%
my
0%
older
0%
one
0%
or
0%
our
0%
out
0%
pants
0%
positions
0%
put
0%
really
0%
recently
0%
rode
0%
room
0%
shut
0%
somewhere
0%
stopped
0%
stuff
0%
tease
0%
that
0%
then
0%
there
0%
was
0%
way
0%
we
0%
well
0%
went
0%
were
0%
we're
0%
whispered
0%
with
0%
your
0%
No matching quizzes found
Score Distribution
Percent of People with Each Score
Percentile by Number Answered
Your Score History
You have not taken this quiz